| 000 | 00340nam a2200133Ia 4500 | ||
|---|---|---|---|
| 999 |
_c10746 _d10746 |
||
| 082 | _aRR 340.0954 AN; | ||
| 245 | 0 | _aAnnual survey of Indian law V31. 1995 | |
| 260 |
_aNew Delhi _bIndian Law Institute _c1995 |
||
| 300 | _a539p. | ||
| 650 | _aLAW - INDIA | ||
| 710 | _aIndian Law Institute | ||
| 710 | _aPaul, Thomas, ed. | ||
| 942 |
_cBK _2ddc |
||